| 000 | 01473cam a22004574i 4500 | ||
|---|---|---|---|
| 003 | PE-LiUPU | ||
| 005 | 20250731173517.0 | ||
| 008 | 150616s r 000 0 d | ||
| 020 | _a0801038537 | ||
| 035 | _a(Sirsi) i9780801038532 | ||
| 040 |
_aPE-LiUPU _bspa _cPE-LiUPU _erda |
||
| 049 | _aPRUA | ||
| 082 | 0 | 4 |
_a253 _bG38H _221 |
| 100 | 1 |
_aGeorge, Carl F., _eautor. |
|
| 245 | 1 | 0 | _aHow to break growth barriers. |
| 264 | 1 |
_aGrand Rapids, Míchigan : _bBaker Book House, _c1993. |
|
| 300 |
_a232 páginas ; _c22 centímetros |
||
| 336 |
_atext _2rdacontent |
||
| 337 |
_aunmediated _2rdamedia |
||
| 338 |
_avolume _2rdacarrier |
||
| 505 | 0 | _aIdentify your vision.- Learn how to ranch.- Break specific growth barriers. | |
| 526 | _aSEG42 | ||
| 526 | _aSEG41 | ||
| 526 | _aSEG40 | ||
| 526 | _aSEG39 | ||
| 526 | _aP94 | ||
| 526 | _aP87 | ||
| 526 | _aP86 | ||
| 526 | _aP85 | ||
| 526 | _aP77 | ||
| 526 | _aP76 | ||
| 526 | _aP35 | ||
| 650 | 0 | 4 |
_aTEOLOGIA PASTORAL. _91381 |
| 910 |
_ajck _bjvq _cjck |
||
| 942 |
_2ddc _cBOOK |
||
| 949 |
_a253 G38H _wDEWEY _c1 _i41781 _lCCODEBUL1 _mBUL _r0 _sY _tBOOK _u2015-6-16 _xTEOLOGIA _zUNKNOWN _0COMPRA _o.STAFF. Colección General |
||
| 994 |
_aC0 _bPEPRU |
||
| 596 | _a1 | ||
| 999 |
_a253 G38H _wDEWEY _c59446 _i41781 _f2021-11-10 _g5 _lCCODEBUL1 _mBUL _r0 _sY _tBOOK _u2015-6-16 _xTEOLOGIA _zUNKNOWN _0COMPRA _o.STAFF. Colección General _d59446 |
||
| 980 |
_81 _gALBERTO SANCHEZ Responsable de Automatización |
||